LEADER 01193nam--2200397---450- 001 990000802070203316 010 $a88-13-19245-2 035 $a0080207 035 $aUSA010080207 035 $a(ALEPH)000080207USA01 035 $a0080207 100 $a20011210d1995----km-y0itay0103----ba 101 $aita 102 $aIT 105 $a||||||||001yy 200 1 $a<> ultimo Forsthoff$escritti 1961/1969 di E. Forsthoff su Costituzione ed amministrazione tradotti e commentati$fAlessandro Mangia 210 $aPadova$cCEDAM$d1995 215 $a195 p$d25 cm 225 2 $aDiritto e istituzioni$v16 312 $aRechtsstaat im Wandel 410 $12001 454 $12001$bRechtsstaat im Wandel 606 0 $aForsthoff, Ernst$xOpere 676 $a342.43 700 1$aMANGIA,$bAlessandro$0237102 801 0$aIT$bsalbc$gISBD 912 $a990000802070203316 951 $aCOLL PHM 16$b8090 G.$cCOLL PHM 959 $aBK 969 $aGIU 979 $aPATTY$b90$c20011210$lUSA01$h1240 979 $aPATTY$b90$c20020327$lUSA01$h0922 979 $c20020403$lUSA01$h1726 979 $aPATRY$b90$c20040406$lUSA01$h1655 996 $aUltimo Forsthoff$9890852 997 $aUNISA LEADER 01347nam--2200397---450- 001 990002737810203316 005 20090327093605.0 035 $a000273781 035 $aUSA01000273781 035 $a(ALEPH)000273781USA01 035 $a000273781 100 $a20060419d1957----km-y0itay0103----ba 101 $aita 102 $aIT 105 $aa|||z|||001yy 200 1 $aDagli amici mi guardi Iddio$evita e morte di Salvatore Giuliano$fGavin Maxwell$g[traduzione di Luciano Bianciardi] 210 $aMilano$cFeltrinelli$d1957 215 $a239 p., [2] c. di tav.$d20 cm 454 1$12001$aGod protect me from my friends$918554 600 1 $aGiuliano,$bSalvatore 676 $a364.15230945823 700 1$aMAXWELL,$bGavin$0593125 702 1$aBIANCIARDI,$bLuciano$f<1922-1971> 801 0$aIT$bsalbc$gISBD 912 $a990002737810203316 951 $a364.1 MAX 1a (ISP V 794)$b178640 L.M.$cISP V$d00131287 951 $a364.152 MAX 1 (ISP V 794)$b178657 L.M.$cISP V$d00131223 959 $aBK 969 $aECO 979 $aPATRY$b90$c20060419$lUSA01$h1357 979 $aANNAMARIA$b90$c20060421$lUSA01$h1107 979 $aANNAMARIA$b90$c20060427$lUSA01$h1213 979 $aRSIAV2$b90$c20090119$lUSA01$h1426 979 $aRSIAV5$b90$c20090327$lUSA01$h0936 996 $aGod protect me from my friends$918554 997 $aUNISA